000 00383 a2200169 4500
001 70670
020 _a8508052715
040 _cAnchieta - Itaigara
100 _aPortela, Fernando
240 1 0 _aÊxodo rural e urbanização
_lpor
245 1 0 _aÊxodo rural e urbanização
300 _a47
362 0 _a2000
440 1 _aÁtica
650 4 _aGeografia e viagens
942 _cBK
999 _c70670
_d70670